| 000 | 00936nas a2200325 4500 | ||
|---|---|---|---|
| 001 | BR0600016 | ||
| 003 | BR-BrBNA | ||
| 005 | 20231205105729.0 | ||
| 007 | ta | ||
| 008 | 230509b bl.|||p| |||| 00| 00por d | ||
| 040 |
_aBR-BrBNA _bpor _cBiblioteca Nacional de Agricultura |
||
| 041 | _a(Pt) | ||
| 072 | _aQ02 | ||
| 100 | 1 | _aAlves, S.M. de F. | |
| 100 | 1 | _aSilva, A.E. da | |
| 100 | 1 | _aSeraphin, J.C. | |
| 100 | 1 | _aVera, R. | |
| 100 | 1 | _aSouza, E.R.B. de | |
| 100 | 1 | _aRolim, H.M.V. | |
| 100 | 1 | _aXimenes, P.A. | |
| 245 | 1 | _aAvaliação de cultivares de milho para o processamento de pamonha | |
| 650 | _aMILHO | ||
| 650 | _aALIMENTO PREPARADO | ||
| 650 | _aVARIEDADE | ||
| 650 | _aPROCESSAMENTO | ||
| 650 | _aARMAZENAMENTO | ||
| 773 | 0 |
_tPesquisa Agropecuária Tropical (Brazil) _xISSN 1517-6398 _g(Jan-Apr 2004), v. 34(1) p. 39-43 _wBR0600016 |
|
| 909 |
_a202311 _bLúcia _c55 _dLúcia Elande |
||
| 942 |
_2AGRIS _n0 _cANA |
||
| 999 |
_c184391 _d184391 |
||